[Event "SRB-ch sf"]
[Site "Kragujevac"]
[Date "2019.03.12"]
[Round "7"]
[White "Cukanovic, Petar"]
[Black "Sarenac, Ivan"]
[Result "1/2-1/2"]
[WhiteElo "2163"]
[BlackElo "2397"]
[PlyCount "53"]
[EventDate "2019.03.08"]
[EventType "swiss"]
[EventRounds "9"]
[EventCountry "SRB"]
[SourceTitle "CBM 189 Extra"]
[Source "ChessBase"]
[SourceDate "2019.06.03"]
[SourceVersion "1"]
[SourceVersionDate "2019.06.03"]
[SourceQuality "1"]

1. e4 e5 2. Nf3 Nc6 3. d4 exd4 4. Bc4 Bc5 5. c3 Nf6 6. cxd4 Bb4+ 7. Bd2 Bxd2+ 8. Nbxd2 Nxe4 9. Nxe4 d5 10. Bd3 dxe4 11. Bxe4 Ne7 12. 0-0 0-0 13. Qc2 h6 14. h3 c6 15. Rfd1 Be6 16. Ne5 Bd5 17. Bd3 Nc8 18. b4 a5 19. b5 cxb5 20. Bxb5 Bxg2 21. Kxg2 Qd5+ 22. Kg1 Qxb5 23. Qc5 Qe2 24. Re1 Qh5 25. Qxf8+ Kxf8 26. Nd7+ Kg8 27. Re8+ 1/2-1/2

[Event "SRB-ch sf"]
[Site "Kragujevac"]
[Date "2019.03.10"]
[Round "5"]
[White "Cukanovic, Petar"]
[Black "Stefanovic, Goran"]
[Result "1-0"]
[WhiteElo "2163"]
[BlackElo "2012"]
[PlyCount "107"]
[EventDate "2019.03.08"]
[EventType "swiss"]
[EventRounds "9"]
[EventCountry "SRB"]
[SourceTitle "CBM 189 Extra"]
[Source "ChessBase"]
[SourceDate "2019.06.03"]
[SourceVersion "1"]
[SourceVersionDate "2019.06.03"]
[SourceQuality "1"]

1. e4 e5 2. Nf3 d6 3. d4 Nf6 4. Nc3 Nbd7 5. Bc4 Be7 6. 0-0 c6 7. a4 0-0 8. h3 Qc7 9. Re1 h6 10. b3 Nb6 11. Bf1 Be6 12. a5 Nbd7 13. Bb2 Rfd8 14. Qe2 a6 15. Nd1 Re8 16. c4 exd4 17. Nxd4 Bf8 18. Qc2 Nc5 19. Nc3 Bd7 20. g3 Rac8 21. Bg2 Nh7 22. f4 Ne6 23. Nf3 Be7 24. Kh2 Nf6 25. Rad1 Qxa5 26. e5 Nh5 27. exd6 Bf6 28. Ne5 Nc5 29. Bf3 Bxe5 30. fxe5 g6 31. Bxh5 gxh5 32. Re3 Qd8 33. b4 Qg5 34. Qd2 Qf5 35. bxc5 Qxh3+ 36. Kg1 Bg4 37. Qg2 Qxg2+ 38. Kxg2 Bxd1 39. d7 Bg4 40. dxc8Q Bxc8 41. Ne4 Re7 42. Kf3 Kh7 43. Kf4 Kg6 44. Rd3 Be6 45. Rd8 f5 46. exf6 Rh7 47. Nd6 h4 48. Re8 Bf7 49. Nxf7 Rxf7 50. Rg8+ Kh7 51. Rg7+ Rxg7 52. fxg7 h3 53. Kf3 h5 54. Kf2 1-0

[Event "SRB-ch sf"]
[Site "Kragujevac"]
[Date "2019.03.08"]
[Round "1"]
[White "Cukanovic, Petar"]
[Black "Radovanovic, Mihajlo"]
[Result "0-1"]
[WhiteElo "2163"]
[BlackElo "2483"]
[PlyCount "104"]
[EventDate "2019.03.08"]
[EventType "swiss"]
[EventRounds "9"]
[EventCountry "SRB"]
[SourceTitle "CBM 189 Extra"]
[Source "ChessBase"]
[SourceDate "2019.06.03"]
[SourceVersion "1"]
[SourceVersionDate "2019.06.03"]
[SourceQuality "1"]

1. e4 c5 2. Nc3 Nc6 3. f4 g6 4. Nf3 Bg7 5. Bb5 Nd4 6. 0-0 a6 7. Bc4 d6 8. d3 Nh6 9. h3 e6 10. Nxd4 cxd4 11. Ne2 0-0 12. Bb3 f5 13. c3 dxc3 14. Nxc3 Kh8 15. Be3 b5 16. Qd2 Qd7 17. Rfe1 Bb7 18. Bf2 Rae8 19. Rad1 Ba8 20. Re2 Qb7 21. Bg3 b4 22. Na4 Ng8 23. Rde1 Nf6 24. e5 Nh5 25. Bh2 dxe5 26. fxe5 f4 27. Rf2 Qe7 28. d4 Qh4 29. Bd1 f3 30. Bxf3 Bxf3 31. Rxf3 Rxf3 32. gxf3 Bh6 33. Qf2 Qxh3 34. Qg2 Qf5 35. Re4 Bf8 36. Qg4 Rd8 37. Kg2 Be7 38. Bg1 Qf7 39. Nb6 Ng7 40. Nc4 Nf5 41. Re1 Nh4+ 42. Kg3 Nf5+ 43. Kg2 Bh4 44. Rd1 Qe7 45. Kh3 Bg5 46. Bf2 Rf8 47. d5 exd5 48. Rxd5 Qe6 49. Rd6 Qc8 50. Rd5 Bf4 51. Nd6 Qc1 52. e6 Qh1# 0-1

[Event "Kavala op 27th"]
[Site "Kavala"]
[Date "2018.08.08"]
[Round "6"]
[White "Mu, Ke"]
[Black "Cukanovic, Petar"]
[Result "1/2-1/2"]
[WhiteElo "2446"]
[BlackElo "2189"]
[PlyCount "138"]
[EventDate "2018.08.05"]
[EventType "swiss"]
[EventRounds "9"]
[EventCountry "GRE"]
[SourceTitle "CBM 186 Extra"]
[Source "ChessBase"]
[SourceDate "2018.08.24"]
[SourceVersion "1"]
[SourceVersionDate "2018.08.24"]
[SourceQuality "1"]

1. d4 Nf6 2. c4 e6 3. Nf3 Bb4+ 4. Nbd2 b6 5. a3 Bxd2+ 6. Qxd2 Bb7 7. e3 d6 8. Be2 a5 9. b3 Nbd7 10. 0-0 Qe7 11. Bb2 0-0 12. Qc2 e5 13. dxe5 dxe5 14. Rfd1 Rad8 15. b4 Rfe8 16. h3 h6 17. Qb3 Bc6 18. c5 a4 19. Qc2 b5 20. Qc3 Ne4 21. Qe1 Ng5 22. Nxg5 Qxg5 23. Qf1 Rb8 24. f4 Qe7 25. Bf3 e4 26. Be2 Nf6 27. Rd2 Red8 28. Rxd8+ Qxd8 29. Rd1 Qe7 30. Rd4 Nd5 31. Qc1 Qe6 32. Qd2 Kh8 33. Kf2 Kg8 34. Ba1 Kh8 35. Bd1 Re8 36. Bg4 f5 37. Bh5 Re7 38. g3 Kh7 39. Be2 Rd7 40. g4 Qe7 41. Kg3 Qf7 42. gxf5 Ne7 43. Rxd7 Nxf5+ 44. Kf2 Bxd7 45. Ke1 c6 46. Qc3 Qe7 47. Kd1 Be6 48. Kc1 Ng3 49. Bd1 Bb3 50. Qe1 Bxd1 51. Qxg3 Qd7 52. Bd4 Bh5 53. f5 Qf7 54. Bc3 Qd7 55. Qg1 Qf7 56. Qg2 Bf3 57. Qg3 Be2 58. Qe5 Qf6 59. Qxf6 gxf6 60. Bxf6 Bf1 61. h4 Bh3 62. Kd2 Bxf5 63. Kc3 Kg6 64. Bd8 Be6 65. Kd4 Kf5 66. Be7 h5 67. Bd8 Bf7 68. Be7 Be6 69. Bd8 Bf7 1/2-1/2

[Event "SRB-chT2 West"]
[Site "Kragujevac"]
[Date "2017.09.09"]
[Round "2"]
[White "Cukanovic, Petar"]
[Black "Marceta, Predrag"]
[Result "1/2-1/2"]
[WhiteElo "2158"]
[BlackElo "2253"]
[PlyCount "66"]
[EventDate "2017.09.08"]
[EventType "team-tourn"]
[EventRounds "11"]
[EventCountry "SRB"]
[SourceTitle "EXT 2022"]
[Source "ChessBase"]
[SourceDate "2021.10.06"]
[SourceVersion "1"]
[SourceVersionDate "2021.10.06"]
[SourceQuality "1"]

1. e4 d5 2. exd5 Qxd5 3. Nc3 Qd6 4. d4 Nf6 5. Nf3 a6 6. Bd3 Bg4 7. h3 Bh5 8. g4 Bg6 9. Be3 Nc6 10. Qe2 Bxd3 11. Qxd3 Nb4 12. Qe2 Qc6 13. 0-0-0 Ne4 14. Nxe4 Qxe4 15. Kb1 e6 16. Ng5 Qc6 17. Bf4 h6 18. Ne4 Nd5 19. Bg3 b5 20. f4 Be7 21. Rhf1 Bd6 22. f5 Bxg3 23. Nxg3 0-0-0 24. fxe6 Qxe6 25. Qxe6+ fxe6 26. Rf7 Rd7 27. Rdf1 g5 28. c3 Nf4 29. Rxd7 Kxd7 30. Ne4 Nxh3 31. Rh1 Nf4 32. Nxg5 h5 33. gxh5 Rxh5 1/2-1/2

[Event "SRB-chT2 West"]
[Site "Kragujevac"]
[Date "2017.09.08"]
[Round "1"]
[White "Bojovic, Dusan"]
[Black "Cukanovic, Petar"]
[Result "0-1"]
[WhiteElo "2240"]
[BlackElo "2158"]
[PlyCount "86"]
[EventDate "2017.09.08"]
[EventType "team-tourn"]
[EventRounds "11"]
[EventCountry "SRB"]
[SourceTitle "EXT 2022"]
[Source "ChessBase"]
[SourceDate "2021.10.06"]
[SourceVersion "1"]
[SourceVersionDate "2021.10.06"]
[SourceQuality "1"]

1. e4 c5 2. Nf3 d6 3. d4 cxd4 4. Nxd4 Nf6 5. Nc3 a6 6. Be3 e5 7. Nb3 Be6 8. f3 Be7 9. Qd2 0-0 10. 0-0-0 Nbd7 11. Qf2 b5 12. g4 b4 13. Nd5 Bxd5 14. exd5 Qc7 15. Kb1 Rfb8 16. g5 Ne8 17. Bd3 Nc5 18. Nxc5 dxc5 19. Qh4 g6 20. Qe4 Rc8 21. b3 Bf8 22. Bc4 Nd6 23. Qd3 Bg7 24. Bc1 a5 25. Rhe1 a4 26. Re2 axb3 27. cxb3 Ra5 28. Bb2 Rca8 29. Ba1 Rxa2 30. Rxa2 Rxa2 31. Kxa2 Qa5+ 32. Kb1 e4 33. Bxg7 exd3 34. Bb2 Nxc4 35. bxc4 Qa6 36. Rxd3 Qxc4 37. Rd2 Qf1+ 38. Kc2 Qc4+ 39. Kb1 Qf4 40. Kc2 c4 41. Bf6 c3 42. Re2 Qf5+ 43. Kb3 Qb1+ 0-1

[Event "SRB-chT Cup"]
[Site "Kragujevac"]
[Date "2017.05.01"]
[Round "5.5"]
[White "Cukanovic, Petar"]
[Black "Blagojevic, Nebojsa"]
[Result "1-0"]
[WhiteElo "2161"]
[BlackElo "2194"]
[PlyCount "49"]
[EventDate "2017.04.29"]
[EventType "team-swiss"]
[EventRounds "6"]
[EventCountry "SRB"]
[SourceTitle "EXT 2018"]
[Source "ChessBase"]
[SourceDate "2017.10.13"]
[SourceVersion "1"]
[SourceVersionDate "2017.10.13"]
[SourceQuality "1"]
[WhiteTeam "Vrnjacka Banja Goc"]
[BlackTeam "Medvedja Gornia"]
[WhiteTeamCountry "SRB"]
[BlackTeamCountry "SRB"]

1. e4 c6 2. d4 d5 3. exd5 cxd5 4. Bd3 Nc6 5. c3 g6 6. Bf4 Bg7 7. h3 Nf6 8. Nf3 0-0 9. 0-0 Bf5 10. Bxf5 gxf5 11. Nbd2 e6 12. Ne5 Nxe5 13. Bxe5 Ne4 14. Bxg7 Kxg7 15. Nxe4 fxe4 16. f3 Qg5 17. fxe4 dxe4 18. Qe2 f5 19. Rae1 Rad8 20. Qb5 Qe7 21. Qe5+ Kg8 22. Re3 Rf7 23. Rg3+ Rg7 24. Rxg7+ Qxg7 25. Qxe6+ 1-0